Actualización de signos en las municiones de nueva generación: armas cortas (Registro nro. 8271)

Detalles MARC
000 -Cabecera
Campo de control de longitud fija 00604nam a22002297a 4500
005 - Fecha y hora de la última transacción
Campo de control 20251119142741.0
008 - Elementos de longitud fija--Información general
Campo de control de longitud fija 160608b1996 xxu||||| |||| 00| 0 spa d
020 ## - International Standard Book Number
Número Internacional Estándar del Libro (ISBN) 9500705931
041 ## - Idioma
Código de idioma Español
082 ## - Clasificación Decimal Dewey
Número de clasificación 363.256.2 L817a
100 ## - Entrada principal--Autor personal
Nombre personal Locles, Roberto Jorge
9 (RLIN) 5424
245 ## - Título propiamente dicho
Título Actualización de signos en las municiones de nueva generación: armas cortas
260 ## - Pie de imprenta
Lugar de publicación, distribución, etc. Argentina
260 ## - Pie de imprenta
Nombre del editor, distribuidor, etc. A.C.R.A
260 ## - Pie de imprenta
Fecha de publicación, distribución, etc. 1996
300 ## - Descripción física
Extensión 126 páginas
490 ## - Serie
Título de la Serie Investigación Criminal
650 ## - Materia general
Temática (materia general) BALÍSTICA
650 ## - Materia general
Temática (materia general) PROYECTILES
650 ## - Materia general
Temática (materia general) ARMAS CORTAS
942 ## - Punto de acceso adicional KOHA
Tipo de ítem KOHA Libro
Fuente del sistema de clasificación o colocación Dewey Decimal Classification
Existencias
Signatura completa Código de barras Programa Académico Tipo de ítem
363.256.2 L817a 6785 Investigación Criminal Libro
363.256.2 L817a 7566 Investigación Criminal Libro